Statistics for Biggest Cities in the Western Hemisphere (hard)

Click here to take the quiz!

General Stats

  • This quiz has been taken 93 times
  • The average score is 48 of 78

Answer Stats

PopulationCity% Correct
8.54 milNew York City
99%
8.56 milMexico City
97%
12.0 milSão Paulo
97%
3.05 milBuenos Aires
96%
3.98 milLos Angeles
96%
6.52 milRio de Janeiro
96%
8.06 milBogotá
92%
2.73 milToronto
92%
2.08 milCaracas
91%
1.71 milMontreal
91%
1.32 milDallas
90%
6.56 milSantiago de Chile
90%
2.94 milBrasília
89%
9.87 milLima
87%
2.70 milChicago
86%
2.30 milHouston
86%
2.58 milSanto Domingo
85%
1.50 milGuadalajara
84%
2.13 milHavana
82%
1.17 milMonterrey
81%
1.41 milSan Diego
81%
2.52 milBelo Horizonte
80%
1.57 milPhiladelphia
78%
1.63 milRecife
78%
8.87 milLondon
77%
2,12 milManaus
77%
1.62 milPhoenix
77%
1.61 milQuito
77%
1.42 milSan José
77%
1.03 milSan Jose
77%
2.38 milCali
76%
2.48 milMedellín
73%
1.30 milMontevideo
73%
1.01 milGuatemala City
72%
3.18 milMadrid
70%
2.63 milFortaleza
68%
2.95 milSalvador
67%
1.49 milPorto Alegre
66%
1.49 milSan Antonio
66%
3.36 milCasablanca
63%
1.24 milCalgary
62%
2.28 milGuayaquil
62%
1.44 milBelém
59%
1.37 milCórdoba
59%
1.91 milCuritiba
59%
2.65 milDakar
58%
1.03 milManagua
58%
1.05 milTegucigalpa
58%
1.39 milTijuana
58%
1.50 milPuebla
57%
1.14 milBirmingham
56%
2.19 milMaracaibo
54%
2.07 milAccra
53%
1.22 milBarranquilla
49%
4.40 milAbidjan
48%
1.19 milRosario
48%
1.66 milConakry
46%
1.81 milBamako
44%
1.56 milValencia
43%
1.39 milCiudad Juárez
42%
1.44 milSanta Cruz
42%
1.16 milCampinas
41%
1.11 milFès
39%
1.02 milMonrovia
39%
1.06 milFreetown
38%
2.39 milOuagadougou
37%
1.46 milGoiânia
33%
1.28 milLeón
33%
1.03 milSão Luís
32%
2.04 milKumasi
25%
1.74 milEcatepec
22%
1.56 milOran
18%
1.07 milBarquisimeto
16%
1.35 milGuarulhos
13%
1.03 milMaceió
13%
1.16 milNezahualcóyotl
9%
1.05 milSão Gonçalo
8%
1.20 milZapopan
8%

Score Distribution

Percentile by Number Answered

Percent of People with Each Score

Your Score History

You have not taken this quiz